00267 a2200109 4500020001500000040001300015082001300028100002100041245004800062260003600110300001100146 a0140013997 aDLCbDLC a574.94951 aDurrell, Gerald,00aMy family and other animalscGerald Durrell aHarmondsworth :bPenguin,c1987 a314 s.